| 000 | 00461nam a22001217a 4500 | ||
|---|---|---|---|
| 082 | _aPRO 220 | ||
| 100 |
_aNS AWAIS SHAHBAZ NS M.BILAL RIAZ NS RANA MUHAMMAD JUNAID NS UMAIR JAVAID MANJ _970899 |
||
| 245 | _aPR-SOF-1556-NATO Narrowband Waveform implemented on SDR Kit | ||
| 260 |
_aISLAMABAD _bNUST COLLEGE OF EME _c2016 |
||
| 650 |
_a DE-COMP-34 _970900 |
||
| 700 |
_aSUPERVISOR Prof. DR. SHOAB AHMED KHAN Assist. Prof. SAJID GUL KHAWAJA _970901 |
||
| 942 | _cCR | ||
| 999 |
_c577705 _d577705 |
||